000 00453nam a2200169Ia 4500
003 OSt
005 20210920121037.0
008 190216s9999||||xx |||||||||||||| ||und||
040 _coclc
082 _a297.124
_bMOU/S
100 _aMoulavi, Alavi
_97808
245 0 _aSahihul Buvari /
_cAlavi Moulavi
260 _bPrabhakar Publications,34
300 _a130p
650 _aArabic
942 _cBK
_2ddc
_h297.124
_iMOU/S
_k297.124
_mMOU/S
999 _c71
_d71